Elements - Statistics

General Stats
  • This quiz has been taken 6 times
  • The average score is 63 of 118
Answer Stats
Atomic Number Answer % Correct
20 Calcium
100%
6 Carbon
100%
79 Gold
100%
2 Helium
100%
1 Hydrogen
100%
36 Krypton
100%
82 Lead
100%
12 Magnesium
100%
8 Oxygen
100%
19 Potassium
100%
47 Silver
100%
16 Sulfur
100%
50 Tin
100%
92 Uranium
100%
54 Xenon
100%
13 Aluminum
75%
18 Argon
75%
33 Arsenic
75%
56 Barium
75%
98 Californium
75%
58 Cerium
75%
17 Chlorine
75%
29 Copper
75%
99 Einsteinium
75%
9 Fluorine
75%
31 Gallium
75%
26 Iron
75%
3 Lithium
75%
25 Manganese
75%
80 Mercury
75%
10 Neon
75%
7 Nitrogen
75%
78 Platinum
75%
94 Plutonium
75%
84 Polonium
75%
11 Sodium
75%
38 Strontium
75%
74 Tungsten
75%
70 Ytterbium
75%
30 Zinc
75%
40 Zirconium
75%
89 Actinium
50%
95 Americium
50%
85 Astatine
50%
97 Berkelium
50%
4 Beryllium
50%
107 Bohrium
50%
5 Boron
50%
55 Cesium
50%
24 Chromium
50%
27 Cobalt
50%
110 Darmstadtium
50%
63 Europium
50%
100 Fermium
50%
87 Francium
50%
64 Gadolinium
50%
32 Germanium
50%
72 Hafnium
50%
67 Holmium
50%
53 Iodine
50%
103 Lawrencium
50%
101 Mendelevium
50%
93 Neptunium
50%
41 Niobium
50%
102 Nobelium
50%
15 Phosphorus
50%
88 Radium
50%
86 Radon
50%
104 Rutherfordium
50%
62 Samarium
50%
106 Seaborgium
50%
34 Selenium
50%
14 Silicon
50%
81 Thallium
50%
22 Titanium
50%
39 Yttrium
50%
51 Antimony
25%
83 Bismuth
25%
35 Bromine
25%
48 Cadmium
25%
112 Copernicium
25%
96 Curium
25%
105 Dubnium
25%
66 Dysprosium
25%
68 Erbium
25%
114 Flerovium
25%
108 Hassium
25%
49 Indium
25%
77 Iridium
25%
57 Lanthanum
25%
116 Livermorium
25%
71 Lutetium
25%
109 Meitnerium
25%
42 Molybdenum
25%
115 Moscovium
25%
60 Neodymium
25%
28 Nickel
25%
113 Nihonium
25%
118 Oganesson
25%
76 Osmium
25%
46 Palladium
25%
59 Praseodymium
25%
61 Promethium
25%
91 Protactinium
25%
75 Rhenium
25%
45 Rhodium
25%
111 Roentgenium
25%
37 Rubidium
25%
44 Ruthenium
25%
21 Scandium
25%
73 Tantalum
25%
43 Technetium
25%
52 Tellurium
25%
117 Tennessine
25%
65 Terbium
25%
90 Thorium
25%
69 Thulium
25%
23 Vanadium
25%
No matching quizzes found
Score Distribution
Percent of People with Each Score
Percentile by Number Answered
Your Score History
You have not taken this quiz